000 00646nam a22002537a 4500
001 BR9103969
003 BR-BrBNA
005 20230928093628.0
007 ta
008 230509b bl.||||| |||| 00| 0 por d
040 _aBR-BrBNA
_bpor
_cBiblioteca Nacional de Agricultura
041 _a(Por)
072 _aF61
090 _ F61 BR9103969
100 1 _aCamargo, P.N. de
245 1 _aPrincipios de nutricao foliar
260 3 _aSao Paulo, SP (Brasil):
_bAgronomica Ceres,
_c1970.
300 _a118 p.
650 _aANALISE FOLIAR
650 _aABSORCAO
650 _aNUTRIENTE
909 _a202309
_bLucia
_c55
_dLucia Elande
942 _cBK
999 _c46106
_d46106